Countries of Eurasia - Statistics

General Stats
  • This quiz has been taken 12 times
  • The average score is 57 of 94
Answer Stats
Answer % Correct
Iceland
91%
Ireland
91%
UK
91%
Germany
82%
Romania
82%
Andorra
73%
Belgium
73%
Croatia
73%
Czechia
73%
Estonia
73%
Finland
73%
France
73%
Hungary
73%
Iran
73%
Iraq
73%
Latvia
73%
Liechtenstein
73%
Lithuania
73%
Luxembourg
73%
Monaco
73%
Norway
73%
Poland
73%
Portugal
73%
Saudi Arabia
73%
Slovakia
73%
Slovenia
73%
Sweden
73%
Turkey
73%
UAE
73%
Ukraine
73%
Austria
64%
Bahrain
64%
Bosnia
64%
Bulgaria
64%
China
64%
Denmark
64%
Albania
64%
India
64%
Indonesia
64%
Italy
64%
Kosovo
64%
Kuwait
64%
Lebanon
64%
Malaysia
64%
Moldova
64%
Montenegro
64%
Netherlands
64%
North Macedonia
64%
Oman
64%
Qatar
64%
Russia
64%
San Marino
64%
Serbia
64%
Singapore
64%
Spain
64%
Syria
64%
Afghanistan
55%
Armenia
55%
Belarus
55%
Bhutan
55%
Greece
55%
Israel
55%
Japan
55%
Jordan
55%
Kazakhstan
55%
Laos
55%
Malta
55%
North Korea
55%
Pakistan
55%
South Korea
55%
Switzerland
55%
Turkmenistan
55%
Uzbekistan
55%
Vatican City
55%
Vietnam
55%
Azerbaijan
45%
Bangladesh
45%
Cambodia
45%
Cyprus
45%
East Timor
45%
Georgia
45%
Kyrgyzstan
45%
Mongolia
45%
Nepal
45%
Philippines
45%
Taiwan
45%
Tajikistan
45%
Thailand
45%
Yemen
45%
Brunei
36%
Myanmar
36%
Sri Lanka
36%
Egypt
27%
Maldives
27%
No matching quizzes found
Score Distribution
Percent of People with Each Score
Percentile by Number Answered
Your Score History
You have not taken this quiz